Central Library OPAC University of Rajshahi

:جلىل مانکپورى : ;; Jalīl Mānakpūrī (Record no. 81706)

MARC details
000 -LEADER
fixed length control field 01085cam a2200289 a 4500
001 - CONTROL NUMBER
control field 81706
003 - CONTROL NUMBER IDENTIFIER
rucl marc code BD-RjUL
005 - DATE AND TIME OF LATEST TRANSACTION
control field 20230817105659.0
008 - FIXED-LENGTH DATA ELEMENTS--GENERAL INFORMATION
fixed length control field 230817s1978 ii b 000 0burdo
020 ## - INTERNATIONAL STANDARD BOOK NUMBER
Terms of availability Rs30.00
035 ## - SYSTEM CONTROL NUMBER
System control number (BD-RjUL)81706
040 ## - CATALOGING SOURCE
Original cataloging agency DLC
Transcribing agency DLC
Modifying agency DLC
Language of cataloging eng
041 ## - LANGUAGE CODE
Language code of text/sound track or separate title eng
082 ## - DEWEY DECIMAL CLASSIFICATION NUMBER
Edition number 23
Classification number 891.439092
Author mark and year KAJ 1978
100 1# - MAIN ENTRY--PERSONAL NAME
Personal name کاکوروى٫ ذکى ،Kakurwa, Z̲akī,
Dates associated with a name 1938
9 (RLIN) 8385
245 10 - TITLE STATEMENT
Title :جلىل مانکپورى : ;; Jalīl Mānakpūrī
Remainder of title حىات اور کارنامے : ḥayāt aur kārnāme /
Statement of responsibility, etc. ذکى کاکوروى.;; Z̲akī Kākorvī.,
260 ## - PUBLICATION, DISTRIBUTION, ETC. (IMPRINT)
Place of publication, distribution, etc. Lakhnaʼū:
Name of publisher, distributor, etc. ذکى کاکوروى، / Z̲akī Kākorvī,
-- , 1978
300 ## - PHYSICAL DESCRIPTION
Pagination 256 p. ;
Size 22 cm.
500 ## - GENERAL NOTE
General note In Urdu.
General note Life and works of Jalīl Mānakpūrī, 1864-1946, Urdu poet.
504 ## - BIBLIOGRAPHY, ETC. NOTE
Bibliography, etc Includes bibliographical references
600 10 - SUBJECT ADDED ENTRY--PERSONAL NAME
Personal name Jalīl Mānakpūrī,
Dates associated with a name 1864-1946.
650 #0 - SUBJECT ADDED ENTRY--TOPICAL TERM
Topical term or geographic name as entry element Poets, Urdu
Geographic subdivision India
General subdivision Biography.
9 (RLIN) 8387
Topical term or geographic name as entry element Poets, Urdu
General subdivision Biography
Chronological subdivision 19th century
9 (RLIN) 8388
651 ## - SUBJECT ADDED ENTRY--GEOGRAPHIC NAME
Geographic name Biographies
Chronological subdivision 1800-1899
9 (RLIN) 8389
942 ## - ADDED ENTRY ELEMENTS (KOHA)
Source of classification or shelving scheme Dewey Decimal Classification
Koha item type Books
Holdings
Lost status Source of classification or shelving scheme Damaged status Not for loan Collection code Permanent Location Current Location Shelving location Date acquired Source of acquisition Cost, normal purchase price Total Checkouts Full call number Date last seen Copy number Koha item type
  Dewey Decimal Classification   Not For Loan Non-fiction Central Library, University of Rajshahi Central Library, University of Rajshahi Reading Room 08/08/1989 karim int 30.00   U 891.439092 KAJ 1978 17/08/2023 C-1 Books